000 00412cam a22001217a 4500
008 180718b1966 xxu||||| |||| 00| 0 eng d
082 _aA81x54 In2/61/Vol 8/Pt 2-B (ii)
100 _aCensus of India 1961
245 _aMadhya Pradesh: general economic tables
260 _aDelhi
_bThe Manager of Publications
_c1966
300 _a783+p.
440 _aCensus of India 1961. Volume VIII, Madhya Pradesh. Part II-B (ii)
999 _c484299
_d484299